Pozadí zahraničních útoků na práci závodů T. a A. Baťa

Publikace byla napsána jako reakce na pomlouvačnou kampaň v Německu, odstartovanou knihou Rudolpha Philippa: Der unbekannte Diktator Thomas Baťa

Saved in:
Bibliographic Details
Main Author Cekota, Antonín, 1899-1995 (Author)
Format Book
LanguageCzech
Published [Zlín] : A. Cekota, 1929
SeriesKnihovna Baťovy služby veřejnosti
Subjects
Physical Description84 - [II] s. ; 8°

Cover

LEADER 00000nam a2200000 a 4500
001 115585
003 CZ ZlUTB
005 20260505130457.0
007 ta
008 990909s1929 xr |||||||||||||| ||cze||
015 |a cnb000932257 
035 |a (OCoLC)85505988 
040 |a ABA001  |b cze  |c ULG001  |d ABA001  |d ZLG001 
043 |a e-xr---  |b e-xr-zl  |2 czenas 
072 7 |a 929  |x Biografie  |2 Konspekt  |9 8 
072 7 |a 658  |x Řízení a správa podniku  |2 Konspekt  |9 4 
080 |a 92 Baťa, T. 
080 |a 92 Baťa, J.A. 
080 |a 658  |2 MRF 
080 |a 685  |2 MRF 
080 |a (437.323)  |2 MRF 
080 |a (048.8)  |2 MRF 
100 1 |a Cekota, Antonín,  |d 1899-1995  |7 jk01020596  |4 aut 
245 1 0 |a Pozadí zahraničních útoků na práci závodů T. a A. Baťa /  |c Napsal A. Cekota 
260 |a [Zlín] :  |b A. Cekota,  |c 1929  |e (v Praze :  |f Průmyslová tiskárna) 
300 |a 84 - [II] s. ;  |c 8° 
490 1 |a Knihovna Baťovy služby veřejnosti ;  |v sv. V 
520 |a Publikace byla napsána jako reakce na pomlouvačnou kampaň v Německu, odstartovanou knihou Rudolpha Philippa: Der unbekannte Diktator Thomas Baťa 
580 |a Vydána jako reakce na: Der unbekannte diktator Thomas Baťa / Rudolph Philipp 
600 1 7 |a Baťa, Tomáš,  |d 1876-1932  |7 jk01011102  |2 czenas 
600 1 7 |a Baťa, Jan Antonín,  |d 1898-1965  |7 jk01011098  |2 czenas 
610 2 7 |a Baťovy závody (firma)  |7 ko2002101658  |2 czenas 
651 7 |a Zlín (Česko)  |7 ge128609  |2 czenas 
651 7 |a Zlín (Česko : oblast)  |7 ge131454  |2 czenas 
651 7 |a Zlínský kraj (Česko : 2000-)  |7 ge134376  |2 czenas 
653 0 |a Baťův systém řízení  |a čeští podnikatelé  |a zlínští podnikatelé  |a osobnosti regionu  |a firmy regionu  |a řízení firmy  |a Baťův podpůrný fond 
655 7 |a monografie  |7 fd132842  |2 czenas 
787 1 |a Philipp, Rudolph  |t Der unbekannte Diktator Thomas Baťa / Rudolph Philipp  |d Berlin ; Agis-Verlag, [1928]  |z (Váz.) 
830 0 |a Knihovna Baťovy služby veřejnosti 
910 |a ZLD002 
942 |2 udc 
952 |0 0  |1 0  |2 udc  |4 0  |5 0  |6 658CEKOTAA  |7 0  |8 BOOK  |9 191001  |a UTBZL  |b UTBZL  |c 031  |d 2026-05-05  |l 0  |o 658/CEKOTA,A.  |p 420010202088  |r 2026-05-05 13:07:00  |v 650.00  |w 2026-05-05  |x N:nákup  |y 01 
992 |b SKNEW 
999 |c 115585  |d 115585